Bayt al-ṭāʻah (Record no. 45310)

MARC details
000 -LEADER
fixed length control field 00588cam a22002051 4500
001 - CONTROL NUMBER
control field ne 62001553
003 - CONTROL NUMBER IDENTIFIER
control field DLC
005 - DATE AND TIME OF LATEST TRANSACTION
control field 20260227111738.0
008 - FIXED-LENGTH DATA ELEMENTS--GENERAL INFORMATION
fixed length control field 890920s1961 ua 000 1 ararc
010 ## - LIBRARY OF CONGRESS CONTROL NUMBER
LC control number ne 62001553
035 ## - SYSTEM CONTROL NUMBER
System control number (OCoLC)20371843
040 ## - CATALOGING SOURCE
Original cataloging agency Princeton Univ. Libr.
Transcribing agency WaU
Modifying agency WaU
-- DLC
042 ## - AUTHENTICATION CODE
Authentication code premarc
050 00 - LIBRARY OF CONGRESS CALL NUMBER
Classification number PJ7814.S8
Item number B3
100 1# - MAIN ENTRY--PERSONAL NAME
Personal name ʻAssāl, Najībah.
245 10 - TITLE STATEMENT
Title Bayt al-ṭāʻah
Statement of responsibility, etc. [taʼlīf] Najībah al-ʻAssāl.
260 ## - PUBLICATION, DISTRIBUTION, ETC.
Place of publication, distribution, etc. [al-Qāhirah]
Name of publisher, distributor, etc. Muʼassasat Rūz al-Yūsuf
Date of publication, distribution, etc. [1961?]
300 ## - PHYSICAL DESCRIPTION
Extent 169 p.
Dimensions 20 cm.
490 0# - SERIES STATEMENT
Series statement Kitāb al-dhahabī,
Volume/sequential designation 96

No items available.

Powered by Koha